| 000 | 00533cas a2200157 4500 | ||
|---|---|---|---|
| 008 | 131128n eng u | ||
| 022 | _a07315732 | ||
| 035 | _a(Sirsi) a181865 | ||
| 050 | _aOn Display | ||
| 245 | _aThe Environmental Forum | ||
| 260 |
_aWashington _bEnvironmental Law Institute |
||
| 310 | _aBi-monthly | ||
| 362 | _aVol. 29, No. 1, 2012 - Vol. 30, No. 2, 2013 | ||
| 520 | _aThis forum puts together articles with diverse points of view and opinion to stimulate a creative exchange of ideas | ||
| 650 | _aEnvironment | ||
| 999 |
_c9547 _d9547 |
||